000 02110nam0a2200325 4500
001 RU\NLR\BIBL_A\011399460
005 20240922040047.0
010 _a9785778231122
_950
021 _aRU
_b2017-34369
_92526
035 _a(RuMoRGB)008882091
035 _a(NLR Aleph) 011399460
090 _a11499480
_c11499480
100 _a20170605d2016 u y0rusy50 ca
101 0 _arus
102 _aRU
105 _aa zzjz||000zy
200 1 _aМеждународные и отечественные стандарты по информационной безопасности
_eучебно-методическое пособие
_e[по направлению 10.03.01 "Информационная безопасность" и специальности 10.05.03 "Информационная безопасность автоматизированных систем"]
_fВ. Ю. Дронов
_gМинистерство образования и науки Российской Федерации, Новосибирский государственный технический университет, [Факультет автоматики и вычислительной техники]
210 _aНовосибирск
_cИзд-во НГТУ
_d2016
215 _a29, [4] с.
_cил.
_d20
320 _aБиблиогр. в конце кн. (6 назв.)
606 1 _aИнформационные технологии
_jУчебно-методические пособия для высших учебных заведений
_xСтандартизация
_92324797
_3RU\NLR\AUTH\661390610
606 1 _aИнформационная безопасность
_jУчебно-методические пособия для высших учебных заведений
_xСтандартизация
_92331721
_3RU\NLR\AUTH\6601618461
686 _aЗ973.233-021.3ц.я73-14
_2rubbk
686 1 _aЗ973.233ц.я73-1
686 1 _aУ.в612я73
700 1 _aДронов
_bВ. Ю.
_gВадим Юрьевич
942 _cBOOK
980 _aNBR